[Event "GER Cup Net V2 U1600"]
[Site "Playchess.com INT"]
[Date "2020.05.22"]
[Round "8"]
[White "Tietz, Bennit"]
[Black "Fleischmann, Theo"]
[Result "0-1"]
[WhiteElo "1573"]
[BlackElo "1524"]
[PlyCount "70"]
[EventDate "2020.05.22"]
[EventType "swiss (blitz)"]
[EventRounds "9"]
[EventCountry "GER"]
[SourceTitle "EXT 2021"]
[Source "ChessBase"]
[SourceDate "2020.10.23"]
[SourceVersion "1"]
[SourceVersionDate "2020.10.23"]
[SourceQuality "1"]

1. e4 c6 2. d4 d5 3. e5 Bf5 4. h4 h6 5. c3 e6 6. Bd3 Bxd3 7. Qxd3 Nd7 8. Nf3 Ne7 9. g4 Qb6 10. b3 0-0-0 11. Nbd2 f6 12. exf6 gxf6 13. c4 e5 14. dxe5 fxe5 15. cxd5 cxd5 16. Ba3 Kb8 17. Qc3 d4 18. Qc4 Rc8 19. Qe2 Nd5 20. Bxf8 Nf4 21. Qe4 Rhxf8 22. Nxe5 Nxe5 23. Qxe5+ Ka8 24. 0-0 Rce8 25. Qg7 Ne2+ 26. Kh2 Qd6+ 27. Kh1 Qf4 28. Qd7 h5 29. g5 Qxh4+ 30. Kg2 Qxg5+ 31. Kh1 h4 32. Rae1 h3 33. Qxh3 Rh8 34. Kh2 Rxh3+ 35. Kxh3 Rh8# 0-1

[Event "GER Cup Net V2 U1600"]
[Site "Playchess.com INT"]
[Date "2020.05.22"]
[Round "5"]
[White "Tietz, Bennit"]
[Black "Steimle, Markus"]
[Result "1-0"]
[WhiteElo "1568"]
[BlackElo "1335"]
[PlyCount "99"]
[EventDate "2020.05.22"]
[EventType "swiss (blitz)"]
[EventRounds "9"]
[EventCountry "GER"]
[SourceTitle "EXT 2021"]
[Source "ChessBase"]
[SourceDate "2020.10.23"]
[SourceVersion "1"]
[SourceVersionDate "2020.10.23"]
[SourceQuality "1"]

1. e4 e6 2. d4 d5 3. e5 c5 4. c3 Nc6 5. Nf3 Bd7 6. Bd3 Qb6 7. Bc2 cxd4 8. cxd4 Nge7 9. 0-0 Ng6 10. Nc3 Be7 11. Na4 Qc7 12. Nc3 0-0 13. a3 h6 14. Bxg6 fxg6 15. Be3 Rac8 16. Qd2 g5 17. h3 Na5 18. Rac1 Nb3 19. Qe2 Nxc1 20. Rxc1 Qb6 21. a4 Qb3 22. Kh2 Bxa4 23. Nxa4 Qxa4 24. Rxc8 Rxc8 25. g3 Rc2 26. Bd2 Rxb2 27. h4 Bb4 28. hxg5 Rxd2 29. Nxd2 Bxd2 30. Qxd2 Qe8 31. gxh6 Qh5+ 32. Kg2 Qxh6 33. Qa2 a6 34. Qb2 b5 35. Qa2 Qg5 36. Qxa6 Qd2 37. Qxe6+ Kh7 38. Qxd5 b4 39. Qb3 Qc3 40. Qb1+ g6 41. e6 b3 42. e7 Qc6+ 43. Kg1 Qc2 44. Qxc2 bxc2 45. e8Q c1Q+ 46. Kg2 Qc3 47. Qe7+ Kh6 48. Qf8+ Kg5 49. Qc5+ Kg4 50. Qxc3 1-0